Minecraft - Official names of drops/updates - Statistics

General Stats
  • This quiz has been taken 3 times
  • The average score is 10 of 28
Answer Stats
Version # Name % Correct
1.16 Nether Update
100%
1.9 Combat Update
67%
1.14 Village and Pillage
67%
1.20.5 Armored Paws
33%
1.20.3 Bats and Pots
33%
1.8 Bountiful Update
33%
1.21.2 Bundles of Bravery
33%
1.15 Buzzy Bees
33%
26.2 Chaos Cubed
33%
1.21.6 Chase the Skies
33%
1.11 Exploration Update
33%
1.10 Frostburn Update
33%
1.6 Horse Update
33%
1.21.11 Mounts of Mayhem
33%
1.4.2 Pretty Scary Update
33%
1.5 Redstone Update
33%
1.21.5 Spring to Life
33%
1.21.9 The Copper Age
33%
1.21.4 The Garden Awakens
33%
1.7 The Update that Changed the World
33%
26.1 Tiny Takeover
33%
1.20 Trails and Tales
33%
1.21 Tricky Trials
33%
1.13 Update Aquatic
33%
1.19 Wild Update
33%
1.12 World of Color Update
33%
1.0.0 Adventure Update pt. 2
0%
1.17 + 18 Cave and Cliffs
0%
No matching quizzes found
Score Distribution
Percent of People with Each Score
Percentile by Number Answered
Your Score History
You have not taken this quiz